[Dokumentárne inkaso v medzinárodnom platobnom styku]

Recenzia na monografiu: Vokorokosová, R.: Dokumentárne inkaso v medzinárodnom platobnom styku. Kniha sa zameriava na analýzu súčasného stavu využívania platobných prostriedkov. Prínosom monografie je najmä podrobné analyzovanie charakteru dokumentárneho inkasa v digitálnom svete a zachytenie interak...

Ausführliche Beschreibung

Gespeichert in:
Bibliographische Detailangaben
1. Verfasser: Andrejčíková, Mária
Format: Buchkapitel
Sprache:Slowakisch
Schlagworte:
Tags: Tag hinzufügen
Keine Tags, Fügen Sie das erste Tag hinzu!

MARC

LEADER 00000naa$a2200000$$$4500
001 0038952
005 20231004103141.4
041 0 |a slo 
044 |a SK 
245 1 0 |a [Dokumentárne inkaso v medzinárodnom platobnom styku]  |c Mária Andrejčíková 
520 |a Recenzia na monografiu: Vokorokosová, R.: Dokumentárne inkaso v medzinárodnom platobnom styku. Kniha sa zameriava na analýzu súčasného stavu využívania platobných prostriedkov. Prínosom monografie je najmä podrobné analyzovanie charakteru dokumentárneho inkasa v digitálnom svete a zachytenie interakcie nových javov v prostredí bankových inštrumentov s existujúcimi výsledkami teórie a praxe. 
610 2 0 |a recenzie 
610 2 0 |a inkaso dokumentárne 
610 2 0 |a styk platobný 
610 2 0 |a prostriedky platobné 
610 2 0 |a systémy informačné 
610 2 0 |a nástroje bankové 
100 1 |a Andrejčíková, Mária